NATO Members With Most Military Personnel(Active) - Statistics

General Stats
  • This quiz has been taken 195 times
  • The average score is 9 of 10
Answer Stats
Personnel Answer % Correct
222215 France
99%
1359632 USA
99%
205851 UK
97%
180676 Germany
96%
180000 Italy
93%
123000 Spain
93%
120000 Poland
91%
620473 Turkey
86%
180000 Greece
80%
73350 Romania
71%
No matching quizzes found
Score Distribution
Percent of People with Each Score
Percentile by Number Answered
Your Score History
You have not taken this quiz